Zur Währungsfrage

Uložené v:
Podrobná bibliografia
Médium: Kniha
Jazyk:German
Vydavateľské údaje: Berlin Walther 1895
Tagy: Pridať tag
Žiadne tagy, Buďte prvý, kto otaguje tento záznam!

MARC

LEADER 00000nam a2200000 4500
001 0303675
005 20240820101724.5
041 0 |a ger 
044 |a DE 
245 1 0 |a Zur Währungsfrage  |c G. M. Boissevain 
264 1 |a Berlin  |b Walther  |c 1895